Daniel Defoe and diplomacy /

Bibliographic Details
Main Author: Roosen, William James
Format: Book
Language:English
Published: Selinsgrove : Susquehanna University Press, [1986]
Subjects:

MARC

Tag First Indicator Second Indicator Subfields
LEADER 00000pam a2200000 a 4500
001 in00000415366
005 20151012063925.0
008 860102s1986 pauab b 00110 eng
010 |a  85040508  
020 |a 0941664120 (alk. paper) :  |c $23.50 
035 |a (OCoLC)13064083 
035 |9 ABW0854AM 
040 |a DLC  |c DLC  |d TXA  |d UtOrBLW 
043 |a e-uk--- 
049 |a TXAM  |c [A09669028] 
050 0 0 |a PR3408.P6  |b R6 1986 
082 0 |a 823/.5  |2 19 
100 1 |a Roosen, William James. 
245 1 0 |a Daniel Defoe and diplomacy /  |c William Roosen. 
264 1 |a Selinsgrove :  |b Susquehanna University Press,  |c [1986] 
264 4 |c ©1986 
300 |a 144 pages :  |b illustrations, maps ;  |c 25 cm. 
336 |a text  |b txt  |2 rdacontent 
337 |a unmediated  |b n  |2 rdamedia 
338 |a volume  |b nc  |2 rdacarrier 
500 |a Includes index. 
504 |a Bibliography: pages 130-141. 
600 1 0 |a Defoe, Daniel,  |d 1661?-1731  |x Political and social views. 
650 0 |a Diplomacy  |x History. 
650 0 |a World politics  |y To 1900. 
651 0 |a Great Britain  |x Foreign relations  |y 1689-1714. 
999 |a MARS 
999 f f |s fcbab983-e4db-3ea1-a4ae-97dfebf3a7a2  |i a521b9d3-6092-3030-b111-09645d3febe0  |t 0 
952 f f |p normal  |a Texas A&M University  |b College Station  |c Sterling C. Evans Library  |d Evans: Library Stacks  |t 0  |e PR3408.P6 R6 1986  |h Library of Congress classification  |i unmediated -- volume  |m A14809669028 
998 f f |a PR3408.P6 R6 1986  |t 0  |l Evans: Library Stacks